000
00280nam a22001337a 4500
008
171107b xxu||||| |||| 00| 0 eng d
020
_a
0070688303
041
_a
eng
080
_a
721.053
100
_a
62
101
_a
AUD
245
_a
EDP AUDITING
_c
WEBER,R
942
_2
udc
_c
BK
999
_c
38160
_d
38160